[Event "Verden op-B"]
[Site "Verden"]
[Date "2023.01.05"]
[Round "2"]
[White "Scheidt, Mike Niklas"]
[Black "Richter, Silas"]
[Result "1-0"]
[WhiteElo "1677"]
[BlackElo "1414"]
[PlyCount "41"]
[EventDate "2023.01.05"]
[EventType "swiss"]
[EventRounds "7"]
[EventCountry "GER"]
[SourceTitle "CBM 212 Extra"]
[Source "ChessBase"]
[SourceDate "2023.03.31"]
[SourceVersion "1"]
[SourceVersionDate "2023.03.31"]
[SourceQuality "1"]

1. d4 c5 2. Nf3 cxd4 3. Nxd4 Nc6 4. Nc3 e6 5. e4 Nf6 6. f3 h6 7. Be3 d5 8. Qd2 Bb4 9. 0-0-0 e5 10. exd5 exd4 11. dxc6 Ne4 12. fxe4 Bg4 13. Bxd4 Bxd1 14. Qxd1 bxc6 15. Bc4 0-0 16. a3 Bd6 17. Rf1 Qh4 18. Qf3 Qxh2 19. Bxf7+ Kh8 20. g4 Rae8 21. Kb1 1-0

[Event "Niedersachsen-ch op-C"]
[Site "Verden an der Aller"]
[Date "2020.01.04"]
[Round "5"]
[White "Von Knobloch, Tizian"]
[Black "Richter, Silas"]
[Result "0-1"]
[WhiteElo "1394"]
[BlackElo "1236"]
[PlyCount "140"]
[EventDate "2020.01.02"]
[EventType "swiss"]
[EventRounds "7"]
[EventCountry "GER"]
[SourceTitle "EXT 2023"]
[Source "ChessBase"]
[SourceDate "2022.10.05"]
[SourceVersion "1"]
[SourceVersionDate "2022.10.05"]
[SourceQuality "1"]

1. d4 Nf6 2. c4 g6 3. Nc3 Bg7 4. e3 c5 5. Nf3 cxd4 6. exd4 d5 7. Be3 0-0 8. c5 Nc6 9. Bb5 a6 10. Ba4 b5 11. cxb6 Qxb6 12. 0-0 Bd7 13. Qe2 e6 14. Ne5 Be8 15. Rac1 Na5 16. Bxe8 Rfxe8 17. b3 Rec8 18. Na4 Qb5 19. Qxb5 axb5 20. Nb6 Rxc1 21. Rxc1 Rb8 22. Ned7 Nxd7 23. Nxd7 Rd8 24. Bd2 Nb7 25. Bg5 Rxd7 26. Rc8+ Bf8 27. Bf6 Nd6 28. Rb8 Rc7 29. f3 Rc8 30. Rb6 Nf5 31. Rxb5 Rc1+ 32. Kf2 Rc2+ 33. Kg1 Rxa2 34. Rb8 Ra7 35. Be5 Rd7 36. b4 Ne7 37. b5 h5 38. h4 f6 39. Bxf6 Kf7 40. Be5 Bg7 41. b6 Bxe5 42. dxe5 Nc6 43. Rc8 Na5 44. g4 d4 45. Kf2 Rb7 46. Rc7+ Ke8 47. Rxb7 Nxb7 48. Ke2 Nc5 49. b7 Nxb7 50. Kd3 Kf7 51. Kxd4 g5 52. hxg5 hxg4 53. f4 Kg6 54. Ke4 Nd8 55. Ke3 Kf5 56. Kf2 Nf7 57. Kg3 Nxg5 58. fxg5 Kxg5 59. Kg2 Kf4 60. Kf2 Kxe5 61. Kg3 Kf5 62. Kf2 Kf4 63. Kg2 e5 64. Kf2 e4 65. Kg2 e3 66. Kh2 e2 67. Kg2 e1Q 68. Kh2 g3+ 69. Kg2 Qf2+ 70. Kh1 Qh2# 0-1